000 00481nam a2200181Ia 4500
008 230917s9999||||xx |||||||||||||| ||und||
020 _cRS650
040 _e257518
_aMAIN
041 _aEnglish
082 _a342.57 P192C(56)
100 _aPandey, J N
245 0 _aConstitutional law of India
250 _a56th ed.
260 _aAllahabad
_bCentral Law Agency
_c2019
300 _alxvii, 881 p.
500 _a3585 19/08/2019 RBP19/76582 06/09/2019 Main Budget
942 _cBK
999 _c32558
_d32558